|
|
|
|
| LEADER |
00000nab a2200000 a 4500 |
| 001 |
vtls000328106 |
| 003 |
SK-MaSNL |
| 005 |
20260311224613.0 |
| 008 |
111201c1988 xo 0 slo |
| 015 |
|
|
|a SNBRB19rr/mm-uuuuu
|
| 035 |
|
|
|a CL0328228
|
| 040 |
|
|
|a SNKBUCL
|b slo
|c SNKBUCL
|e AACR2
|
| 041 |
0 |
|
|a slo
|
| 044 |
|
|
|a xo
|c SK
|
| 080 |
|
|
|a 329.78(437)SZM
|2 1981
|
| 080 |
|
|
|a 329.78(100-11)(430.2)
|2 1981
|
| 100 |
1 |
|
|a Aurich, Eberhard
|4 aut
|9 922382
|
| 245 |
1 |
0 |
|a Pôsobivejšie, intenzívnejšie
|c Eberhard Aurich, Marián Babic
|
| 610 |
2 |
7 |
|a Socialistický zväz mládeže
|2 snkbucl
|9 51618
|
| 610 |
2 |
7 |
|a Freie deutsche Jugend
|2 snkbucl
|9 99822
|
| 650 |
0 |
7 |
|a mládež
|2 snkbucl
|9 1575
|
| 651 |
|
7 |
|a Československo
|2 snkbucl
|9 21376
|
| 651 |
|
7 |
|a Nemecká demokratická republika
|2 snkbucl
|9 74579
|
| 655 |
|
7 |
|a články z novín a časopisov
|2 snkbucl
|9 267496
|
| 700 |
1 |
|
|a Babic, Marián
|4 aut
|9 376054
|
| 773 |
0 |
|
|t Smena
|g Roč. 41, č. 203 (29. 8. 1988), s. 1 a 5
|
| 850 |
|
|
|a Slovenská národná knižnica v Martine
|a MTA001
|
| 852 |
|
|
|a SNK
|b KIS3GCP
|
| 958 |
|
|
|a DE
|
| 992 |
|
|
|a RBX
|
| 999 |
|
|
|c 3260596
|d 3262526
|